[Event "Belgrade Spring Open 2021"]
[Site "Belgrade"]
[Date "2021.04.05"]
[Round "5.8"]
[White "Janjic, Stefan"]
[Black "Tadic, Stefan"]
[Result "1-0"]
[WhiteElo "2176"]
[BlackElo "2416"]
[Annotator "ChessBase"]
[PlyCount "75"]
[EventDate "2021.04.02"]
[EventType "swiss"]
[EventCountry "SRB"]
[SourceTitle "playchess.com"]
[Source "ChessBase"]
[SourceQuality "1"]
[TimeControl "5400+30"]

1. d4 {[%emt 0:02:15]} Nf6 {[%emt 0:00:00]} 2. Nf3 {[%emt 0:00:07]} g6 {[%emt 0:00:00]} 3. Bg5 {[%emt 0:00:11]} Bg7 {[%emt 0:00:00]} 4. Nbd2 {[%emt 0:00:13]} O-O {[%emt 0:00:13]} 5. e4 {[%emt 0:00:23]} d5 {[%emt 0:00:37]} 6. exd5 {[%emt 0:01:07]} Nxd5 {[%emt 0:00:34]} 7. Nb3 {[%emt 0:00:43]} a5 {[%emt 0:00:11]} 8. a4 {[%emt 0:00:16]} b6 {[%emt 0:05:44]} 9. c3 {[%emt 0:04:06]} h6 {[%emt 0:01:01]} 10. Bc1 {[%emt 0:04:16]} Nd7 {[%emt 0:01:36]} 11. Bc4 {[%emt 0:01:39]} Bb7 {[%emt 0:02:31]} 12. O-O {[%emt 0:00:59]} e6 {[%emt 0:01:24]} 13. Re1 {[%emt 0:02:25]} Qf6 {[%emt 0:09:51]} 14. Nbd2 {[%emt 0:04:50]} g5 {[%emt 0:11:14]} 15. Ne4 {[%emt 0:05:18]} Qg6 {[%emt 0:02:21]} 16. Ng3 {[%emt 0:11:59]} f5 {[%emt 0:07:06]} 17. Bb5 {[%emt 0:02:38]} c6 {[%emt 0:06:00]} 18. Bc4 {[%emt 0:00:57]} g4 {[%emt 0:01:19]} 19. Ne5 {[%emt 0:08:57]} Nxe5 {[%emt 0:00:29]} 20. dxe5 {[%emt 0:01:39]} Rad8 {[%emt 0:01:31]} 21. Qc2 {[%emt 0:04:28]} c5 {[%emt 0:03:08]} 22. Bxd5 {[%emt 0:01:47]} Rxd5 {[%emt 0:01:19]} 23. Bf4 {[%emt 0:00:52]} h5 {[%emt 0:11:56]} 24. Qb3 {[%emt 0:03:20]} h4 {[%emt 0:00:40]} 25. Nf1 {[%emt 0:02:32]} Bh6 {[%emt 0:04:51]} 26. Bxh6 {[%emt 0:03:12]} Qxh6 {[%emt 0:00:01]} 27. Qxb6 {[%emt 0:00:14]} Ba8 {[%emt 0:02:38]} 28. Rad1 {[%emt 0:01:27]} h3 {[%emt 0:05:18]} 29. Rxd5 {[%emt 0:00:03]} Bxd5 {[%emt 0:00:07]} 30. Ne3 {[%emt 0:03:49]} Be4 {[%emt 0:00:31]} 31. Rd1 {[%emt 0:07:08]} g3 {[%emt 0:10:28]} 32. hxg3 {[%emt 0:06:46]} f4 {[%emt 0:05:34]} 33. Ng4 {[%emt 0:02:42]} Qh5 {[%emt 0:01:44]} 34. Qxe6+ {[%emt 0:13:42]} Kh8 {[%emt 0:05:03]} 35. gxh3 {[%emt 0:00:00]} Qxh3 {[%emt 0:00:00]} 36. Qh6+ {[%emt 0:00:00]} Qxh6 {[%emt 0:00:00]} 37. Nxh6 {[%emt 0:00:00]} Bf3 {[%emt 0:00:18]} 38. Rd8 {[%emt 0:02:00]} 1-0

[Event "Belgrade Spring Open 2021"]
[Site "Belgrade"]
[Date "2021.04.05"]
[Round "5.8"]
[White "Mitev, Valentin"]
[Black "Pastar, Slaven"]
[Result "*"]
[WhiteElo "2166"]
[BlackElo "2374"]
[Annotator "ChessBase"]
[PlyCount "33"]
[EventDate "2021.04.02"]
[EventType "swiss"]
[EventCountry "SRB"]
[SourceTitle "playchess.com"]
[Source "ChessBase"]
[SourceQuality "1"]
[TimeControl "5400+30"]

1. d4 {[%emt 0:02:15]} Nf6 {[%emt 0:00:00]} 2. Nf3 {[%emt 0:00:07]} g6 {[%emt 0:00:00]} 3. Bg5 {[%emt 0:00:11]} Bg7 {[%emt 0:00:00]} 4. Nbd2 {[%emt 0:00:13]} O-O {[%emt 0:00:13]} 5. e4 {[%emt 0:00:23]} d5 {[%emt 0:00:37]} 6. exd5 {[%emt 0:01:07]} Nxd5 {[%emt 0:00:34]} 7. Nb3 {[%emt 1:29:14]} a5 {[%emt 0:00:11]} 8. a4 {[%emt 0:00:16]} b6 {[%emt 0:05:44]} 9. c3 {[%emt 0:04:06]} h6 {[%emt 0:01:01]} 10. Bc1 {[%emt 0:04:16]} Nd7 {[%emt 0:01:36]} 11. Bc4 {[%emt 0:01:39]} Bb7 {[%emt 0:02:31]} 12. O-O {[%emt 0:00:59]} e6 {[%emt 0:01:24]} 13. Re1 {[%emt 0:02:25]} Qf6 {[%emt 0:09:51]} 14. Nbd2 {[%emt 0:04:50]} g5 {[%emt 0:11:14]} 15. Ne4 {[%emt 0:05:18]} Qg6 {[%emt 0:02:21]} 16. Ng3 {[%emt 0:11:59]} f5 {[%emt 0:07:06]} 17. Bb5 {[%emt 0:57:43]} *

[Event "Belgrade Spring Open 2021"]
[Site "Belgrade"]
[Date "2021.04.05"]
[Round "5.9"]
[White "Potpara, Nikola"]
[Black "Jandric, Damjan"]
[Result "1-0"]
[WhiteElo "2370"]
[BlackElo "2187"]
[Annotator "TA"]
[PlyCount "199"]
[EventDate "2021.04.02"]
[EventType "swiss"]
[EventCountry "SRB"]
[SourceTitle "playchess.com"]
[Source "ChessBase"]
[SourceQuality "1"]

{[%evp 16,199,0,7,15,6,10,2,6,-6,10,-1,0,-9,-8,-9,1,0,18,4,8,0,34,24,38,37,56,63,67,42,56,52,59,39,95,70,96,87,98,90,100,43,97,89,151,159,146,125,133,126,177,192,188,133,205,209,192,170,170,165,174,172,183,178,169,166,167,100,135,99,259,254,259,251,233,151,151,148,148,148,148,148,150,152,153,127,121,0,152,152,152,152,145,127,122,131,134,71,71,71,115,88,88,0,115,79,79,58,64,58,58,49,57,57,81,79,87,87,87,87,87,79,84,58,58,0,87,0,87,87,87,87,87,87,87,87,117,117,117,117,117,117,117,117,117,87,79,78,78,72,72,72,117,117,117,72,72,72,72,72,72,72,72,72,72,72,72,72,72,72,72,68,68,68,68,68,68,0,68,0,75,0,29989,29990,29993,29994]} 1. c4 Nf6 2. g3 g6 3. b3 Bg7 4. Bb2 O-O 5. Bg2 d6 6. Nf3 c6 7. d3 e5 8. O-O Nbd7 9. Nbd2 a6 {A15: English Opening: 1...Nf6.} 10. Qc2 Re8 {[#]} 11. Rac1 $146 ({Predecessor:} 11. e4 b5 12. cxb5 cxb5 13. Rfc1 Bb7 14. Qc7 Qxc7 15. Rxc7 Rab8 16. Rac1 Rec8 17. Bh3 {1-0 (33) Mickiewicz,P (2206)-Osorio Guevara,J (2099) chess.com INT 2020}) 11... b6 {The position is equal.} 12. Ba3 Qc7 13. Ng5 Bb7 14. Nge4 Nxe4 15. dxe4 Rad8 16. Nb1 b5 17. Rfd1 Bf8 18. Nc3 Qb8 19. Bb4 Ba8 20. Rb1 Nc5 21. Ba5 Rd7 22. Bh3 Ne6 23. e3 Rb7 24. a3 Ree7 (24... Qa7 $14) 25. Qe2 Nc5 26. b4 Ne6 27. a4 bxa4 28. Nxa4 (28. Qa2 $16) 28... Re8 ({Black should play} 28... c5 $1 $14) 29. Nc3 f6 (29... h5 $142) 30. c5 Ng5 31. Bg2 dxc5 32. Qc4+ Nf7 (32... Kh8 $16 {is a better defense.}) 33. bxc5 $18 Qc8 34. Bf1 (34. h4 $18) 34... Qe6 (34... Rb5 $16 {was necessary.}) 35. Qxe6 Rxe6 36. Bxa6 Rxb1 37. Rxb1 {[#] Hoping for Rb8.} ({But not} 37. Nxb1 $6 Bxc5 38. Nd2 Kg7 $14) 37... Re7 {intending ...Ra7.} 38. Bc4 Ra7 39. Bb6 Ra3 40. Na2 Bb7 41. Rd1 (41. Nb4 $18) 41... Ba6 42. Be6 Rd3 (42... Bd3 $16) 43. Rxd3 Bxd3 44. f3 Kg7 {...Ng5 would now be nice for Black.} 45. h4 {Strongly threatening Nb4.} Be7 46. Nb4 Bb5 47. Bd7 Nd8 48. Bxd8 Bxd8 49. Bxc6 $16 {[%mdl 4096] Endgame KBB-KBN} Bc4 50. Bd5 Bb5 51. Bc6 (51. Nc2 $16) 51... Ba5 $2 52. Bxb5 Bxb4 {KB-KB} 53. c6 Ba5 54. Kf2 Kf7 55. f4 h6 56. Bc4+ (56. Kf3 $142) 56... Ke7 57. Kf3 Bc7 58. Kg4 Bb6 59. Kf3 Bc7 $1 60. Bg8 Bb6 61. Ke2 Ba5 62. Bh7 g5 63. Bf5 Kd6 64. Bd7 Bb4 65. h5 Ba3 66. Kf3 Bc1 67. Be8 Bd2 68. Ke2 Bb4 69. Kd1 Ba5 70. Ke2 Bb4 $1 71. Kf3 Bd2 72. Kg4 {aiming for Kf5.} Bxe3 {[%cal Re5f4]} 73. fxe5+ fxe5 74. Kf5 {Threatens to win with g4.} g4 75. Kxg4 Bg5 76. Kf5 Bd2 77. Kf6 Bg5+ 78. Kg6 Bd2 79. Kf5 Bg5 80. Kg4 Bd2 81. Kf3 Bg5 82. Ke2 Bd8 83. Kd3 Bg5 84. Kc4 Be3 85. Kb5 (85. c7 {is more complex.} Kxc7 86. Kd5 Bf2 87. g4 Kd8 88. Bc6) 85... Kc7 86. g4 Kd6 87. Bf7 Kc7 88. Bb3 Kd6 89. Ba4 Kc7 90. Bc2 Kd6 91. Bb3 Kc7 92. Ba4 Kd6 93. Kc4 (93. Bc2 {is interesting.} Kc7 94. Bd3 Kd6 95. Bc4 Kc7 96. Be6) 93... Bf4 94. Kd3 (94. Kb4 {feels hotter.} Bd2+ 95. Kb3 Be3 96. Bb5 Bg5 97. Ka2) 94... Bg5 95. Kc3 Be3 96. Kc4 Bf4 97. Kb5 {And now Kb6 would win.} Be3 98. Bb3 ({Better is} 98. Bd1 $16) 98... Bf2 $2 {[%mdl 8192] [#]} (98... Kc7 $11) 99. g5 $1 Be3 100. g6 {Weighted Error Value: White=0.17/Black=0.18} 1-0

[Event "Belgrade Spring Open 2021"]
[Site "Belgrade"]
[Date "2021.04.05"]
[Round "5.10"]
[White "Lajthajm, Borko"]
[Black "Kanov, Nikola"]
[Result "1-0"]
[WhiteElo "2359"]
[BlackElo "2140"]
[Annotator "ChessBase"]
[PlyCount "121"]
[EventDate "2021.04.02"]
[EventType "swiss"]
[EventCountry "SRB"]
[SourceTitle "playchess.com"]
[Source "ChessBase"]
[SourceQuality "1"]
[TimeControl "5400+30"]

1. e4 {[%emt 0:00:00]} e5 {[%emt 0:00:00]} 2. Nf3 {[%emt 0:00:00]} Nc6 {[%emt 0:00:00]} 3. Bb5 {[%emt 0:00:00]} a6 {[%emt 0:00:26]} 4. Ba4 {[%emt 0:00:00]} Nge7 {[%emt 0:00:58]} 5. O-O {[%emt 0:00:33]} g6 {[%emt 0:00:36]} 6. d4 {[%emt 0:00:31]} exd4 {[%emt 0:01:04]} 7. Nxd4 {[%emt 0:00:18]} Bg7 {[%emt 0:00:50]} 8. c3 {[%emt 0:00:25]} O-O {[%emt 0:01:36]} 9. Nxc6 {[%emt 0:01:34]} Nxc6 {[%emt 0:01:15]} 10. Bf4 {[%emt 0:01:15]} b5 {[%emt 0:09:48]} 11. Bb3 {[%emt 0:01:11]} Na5 {[%emt 0:02:46]} 12. Bd5 {[%emt 0:00:19]} c6 {[%emt 0:06:35]} 13. Bb3 {[%emt 0:01:42]} Re8 {[%emt 0:01:15]} 14. Nd2 {[%emt 0:06:02]} d5 {[%emt 0:02:38]} 15. exd5 {[%emt 0:00:36]} cxd5 {[%emt 0:01:04]} 16. Nf3 {[%emt 0:02:01]} Nc4 {[%emt 0:01:15]} 17. Bg5 {[%emt 0:05:07]} Qc7 {[%emt 0:03:17]} 18. Qc1 {[%emt 0:00:26]} Bb7 {[%emt 0:15:37]} 19. Nd4 {[%emt 0:01:33]} Rac8 {[%emt 0:02:29]} 20. Rd1 {[%emt 0:01:55]} Qb6 {[%emt 0:07:55]} 21. Rb1 {[%emt 0:02:06]} b4 {[%emt 0:02:44]} 22. Ba4 {[%emt 0:00:27]} Re4 {[%emt 0:02:21]} 23. Bd7 {[%emt 0:05:58]} Rb8 {[%emt 0:05:35]} 24. Bh6 {[%emt 0:04:35]} Rd8 {[%emt 0:08:03]} 25. Bxg7 {[%emt 0:03:54]} Kxg7 {[%emt 0:00:47]} 26. Ba4 {[%emt 0:00:50]} Rc8 {[%emt 0:01:55]} 27. Bc2 {[%emt 0:01:32]} Re5 {[%emt 0:02:29]} 28. Qf4 {[%emt 0:01:12]} Rce8 {[%emt 0:01:26]} 29. Nf3 {[%emt 0:00:56]} Re2 {[%emt 0:00:59]} 30. Qd4+ {[%emt 0:00:10]} Qxd4 {[%emt 0:00:13]} 31. Nxd4 {[%emt 0:00:06]} R2e7 {[%emt 0:00:20]} 32. cxb4 {[%emt 0:00:10]} Nxb2 {[%emt 0:01:12]} 33. Rdc1 {[%emt 0:05:29]} Nc4 {[%emt 0:01:15]} 34. Bd3 {[%emt 0:01:01]} Rc8 {[%emt 0:02:15]} 35. a4 {[%emt 0:06:02]} Nb6 {[%emt 0:10:49]} 36. a5 {[%emt 0:01:36]} Na4 {[%emt 0:00:42]} 37. Rxc8 {[%emt 0:46:58]} Bxc8 38. Rc1 {[%emt 0:00:00]} Nb2 {[%emt 0:00:59]} 39. Bf1 {[%emt 0:00:00]} Nc4 {[%emt 0:00:16]} 40. f3 {[%emt 0:00:00]} Rb7 {[%emt 0:00:48]} 41. Bxc4 {[%emt 0:00:00]} Rc7 {[%emt 0:00:17]} 42. Kf2 {[%emt 0:00:00]} dxc4 {[%emt 0:00:55]} 43. Ke3 {[%emt 0:00:00]} Kf6 {[%emt 0:00:21]} 44. Kd2 {[%emt 0:00:00]} Bb7 {[%emt 0:01:30]} 45. Kc3 {[%emt 0:00:00]} Bd5 {[%emt 0:00:28]} 46. Re1 {[%emt 0:00:00]} Rc8 {[%emt 0:00:55]} 47. b5 {[%emt 0:00:00]} axb5 {[%emt 0:00:35]} 48. Nxb5 {[%emt 0:00:00]} Rb8 {[%emt 0:00:17]} 49. Nd4 {[%emt 0:00:00]} g5 {[%emt 0:00:51]} 50. a6 {[%emt 0:00:00]} Ra8 {[%emt 0:01:07]} 51. Ra1 {[%emt 0:00:00]} Ke7 {[%emt 0:00:11]} 52. a7 {[%emt 0:00:00]} Kd6 {[%emt 0:01:13]} 53. Ra5 {[%emt 0:00:00]} f6 {[%emt 0:00:19]} 54. Nf5+ {[%emt 0:00:00]} Ke6 {[%emt 0:00:03]} 55. Ne3 {[%emt 0:00:00]} Bb7 {[%emt 0:00:32]} 56. Nxc4 {[%emt 0:00:00]} Rc8 {[%emt 0:00:26]} 57. Kd4 {[%emt 0:00:00]} Rd8+ {[%emt 0:00:13]} 58. Ke3 {[%emt 0:00:00]} Ba8 {[%emt 0:00:37]} 59. Nb6 {[%emt 0:00:00]} Kd6 {[%emt 0:00:11]} 60. Nxa8 {[%emt 0:00:00]} Rxa8 {[%emt 0:00:03]} 61. Ke4 {[%emt 0:12:00]} 1-0

[Event "Belgrade Spring Open 2021"]
[Site "Belgrade"]
[Date "2021.04.06"]
[Round "6.1"]
[White "Kaasen, Tor Fredrik"]
[Black "Martirosyan, Haik M."]
[Result "0-1"]
[WhiteElo "2397"]
[BlackElo "2620"]
[Annotator "TA"]
[PlyCount "78"]
[EventDate "2021.04.02"]
[EventType "swiss"]
[EventCountry "SRB"]
[SourceTitle "playchess.com"]
[Source "ChessBase"]
[SourceQuality "1"]

{[%evp 11,78,12,19,20,42,26,25,17,39,39,37,23,20,18,22,18,37,31,38,39,44,39,39,34,60,63,68,65,80,66,75,0,0,0,0,0,-16,-43,-31,-58,0,0,10,0,7,0,9,8,14,18,0,0,3,0,0,-45,-56,-93,-96,-197,-198,-194,-195,-683,-679,-667,-643,-934,-870]} 1. e4 c5 2. Nf3 e6 3. d4 cxd4 4. Nxd4 Nc6 5. Nc3 Qc7 6. Be2 a6 7. Nxc6 {B47: Sicilian: Taimanov: 5 Nc3 Qc7 6 f4, 6 g3 and 6 Be2.} dxc6 8. O-O e5 9. f4 {White has an edge.} Bc5+ 10. Kh1 Bd4 {[#]} 11. Bf3 $146 ({Predecessor:} 11. f5 Nf6 12. Bg5 b5 13. Bd3 Bb7 14. a4 h6 15. Bh4 O-O-O 16. axb5 axb5 17. Qf3 {1-0 (41) Hracek,Z (2610)-Ivanisevic,I (2611) Mali Losinj 2017}) 11... Nf6 12. Ne2 Bc5 13. f5 b6 14. Qe1 a5 15. Qg3 Kf8 16. b3 Ba6 17. c4 b5 18. cxb5 Bxb5 19. Bb2 Re8 20. Rfc1 Be3 21. Nd4 Bxc1 $11 22. Rxc1 Qb6 23. Nxb5 Qxb5 24. a4 Qb8 25. h4 Qd6 (25... h5 $15) 26. Qe1 g6 27. Qxa5 gxf5 28. exf5 e4 29. Be2 {aiming for Rd1.} Rg8 30. Qc5 Qxc5 31. Rxc5 Nd5 32. Rxc6 {Black must now prevent g4.} Rg3 33. Bc4 Ne3 {[%csl LRf5,LRg2][%mdl 1088] Double Attack. Black has compensation.} 34. Bb5 {[#]} Rd8 $1 {[%cal Rd8d1]} ({Wrong is} 34... Nxg2 $2 35. Rc3 $18) ({Inferior is} 34... Nxf5 35. Ba3+ Re7 36. Bc4 $16 (36. Bxe7+ Kxe7 37. Rc7+ Kf6 $14)) 35. Ba3+ (35. Rc1 $17 {is a better defense.}) 35... Kg8 $19 {( -> ...Rd1+)} 36. Rd6 {[#]} Rc8 37. Rc6 $2 (37. Rd2) 37... Rxc6 {Black is clearly winning.} 38. Bxc6 Ng4 39. Be7 Rc3 {[%cal Rc3c1] Weighted Error Value: White=0.47/Black=0.04} 0-1

[Event "Belgrade Spring Open 2021"]
[Site "Belgrade"]
[Date "2021.04.06"]
[Round "6.2"]
[White "Sargsyan, Shant"]
[Black "Milanovic, Slavisa"]
[Result "1-0"]
[WhiteElo "2598"]
[BlackElo "2301"]
[Annotator "ChessBase"]
[PlyCount "65"]
[EventDate "2021.04.02"]
[EventType "swiss"]
[EventCountry "SRB"]
[SourceTitle "playchess.com"]
[Source "ChessBase"]
[SourceQuality "1"]
[TimeControl "5400+30"]

1. d4 {[%emt 0:00:00]} e6 {[%emt 1:30:30]} 2. Nf3 {[%emt 1:31:00]} c5 {[%emt 0:00:30]} 3. e4 {[%emt 0:00:30]} cxd4 {[%emt 0:00:30]} 4. Nxd4 {[%emt 0:00:30]} a6 {[%emt 0:00:30]} 5. c4 {[%emt 0:00:30]} d6 {[%emt 0:00:30]} 6. Nc3 {[%emt 0:00:30]} Nf6 {[%emt 0:00:30]} 7. Bd3 {[%emt 0:00:30]} b6 {[%emt 0:00:30]} 8. O-O {[%emt 0:00:30]} Bb7 {[%emt 0:00:30]} 9. f4 {[%emt 0:00:30]} Nbd7 {[%emt 0:00:30]} 10. b4 {[%emt 0:00:30]} Rc8 {[%emt 0:00:30]} 11. Bb2 {[%emt 0:00:30]} Qc7 {[%emt 0:00:00]} 12. Qe1 {[%emt 0:00:30]} Be7 {[%emt 0:01:00]} 13. Qg3 {[%emt 0:00:30]} g6 {[%emt 0:00:30]} 14. Rae1 {[%emt 0:00:00]} Nh5 {[%emt 0:00:00]} 15. Qh3 {[%emt 0:00:00]} O-O {[%emt 0:00:00]} 16. g4 {[%emt 0:01:30]} Ng7 {[%emt 0:01:30]} 17. a3 e5 {[%emt 0:00:30]} 18. Nd5 {[%emt 0:01:00]} Qd8 {[%emt 0:00:30]} 19. Nf3 {[%emt 0:00:30]} f6 {[%emt 0:00:30]} 20. f5 {[%emt 0:00:30]} g5 {[%emt 0:00:30]} 21. Qg3 {[%emt 0:00:30]} h6 {[%emt 0:00:30]} 22. h4 {[%emt 0:00:30]} Bxd5 {[%emt 0:00:30]} 23. exd5 {[%emt 0:00:30]} b5 {[%emt 0:00:30]} 24. cxb5 {[%emt 0:00:30]} axb5 {[%emt 0:00:30]} 25. Kg2 {[%emt 0:00:30]} Nb6 {[%emt 0:00:30]} 26. hxg5 {[%emt 0:00:30]} hxg5 {[%emt 0:00:30]} 27. Bxb5 {[%emt 0:00:30]} Nxd5 {[%emt 0:00:30]} 28. Nxg5 {[%emt 0:00:30]} Rc2+ {[%emt 0:00:30]} 29. Re2 {[%emt 0:00:30]} Qa8 {[%emt 0:00:30]} 30. Rxc2 {[%emt 0:00:30]} Nf4+ {[%emt 0:00:30]} 31. Kh2 {[%emt 0:00:30]} fxg5 {[%emt 0:00:30]} 32. Bc6 {[%emt 0:00:30]} Qa7 {[%emt 0:00:30]} 33. Rxf4 {[%emt 0:00:30]} 1-0

[Event "Belgrade Spring Open 2021"]
[Site "Belgrade"]
[Date "2021.04.06"]
[Round "6.3"]
[White "Sturt, Raven"]
[Black "Janjic, Stefan"]
[Result "1-0"]
[WhiteElo "2490"]
[BlackElo "2176"]
[Annotator "ChessBase"]
[PlyCount "107"]
[EventDate "2021.04.02"]
[EventType "swiss"]
[EventCountry "SRB"]
[SourceTitle "playchess.com"]
[Source "ChessBase"]
[SourceQuality "1"]
[TimeControl "5400+30"]

1. e4 {[%emt 0:00:00]} e6 {[%emt 0:01:43]} 2. d4 {[%emt 0:00:00]} d5 {[%emt 0:00:06]} 3. Nd2 {[%emt 0:00:00]} c5 {[%emt 0:01:05]} 4. Ngf3 {[%emt 0:00:54]} Nc6 {[%emt 0:01:53]} 5. dxc5 {[%emt 0:10:52]} Bxc5 {[%emt 0:04:43]} 6. Nb3 {[%emt 0:01:59]} Bb6 {[%emt 0:01:52]} 7. exd5 {[%emt 0:02:40]} exd5 {[%emt 0:01:16]} 8. Bg5 {[%emt 0:00:54]} Nf6 {[%emt 0:09:44]} 9. Bd3 {[%emt 0:03:49]} O-O {[%emt 0:00:36]} 10. O-O {[%emt 0:00:25]} Bg4 {[%emt 0:02:42]} 11. h3 {[%emt 0:04:21]} Bh5 {[%emt 0:02:07]} 12. Re1 {[%emt 0:09:20]} Qd6 {[%emt 0:02:40]} 13. Be3 {[%emt 0:13:04]} Ne5 {[%emt 0:06:20]} 14. g4 {[%emt 0:16:04]} Nxd3 {[%emt 0:00:38]} 15. cxd3 {[%emt 0:00:11]} Bg6 {[%emt 0:11:29]} 16. Qd2 {[%emt 0:02:44]} Bxe3 {[%emt 0:02:54]} 17. Qxe3 {[%emt 0:01:30]} Qb4 {[%emt 0:03:54]} 18. Ne5 {[%emt 0:01:07]} Rfe8 {[%emt 0:05:30]} 19. Qd4 {[%emt 0:00:24]} Qxd4 {[%emt 0:18:19]} 20. Nxd4 {[%emt 0:00:02]} Re7 {[%emt 0:01:51]} 21. f4 {[%emt 0:09:26]} Rae8 {[%emt 0:01:56]} 22. Kf2 {[%emt 0:00:07]} h6 {[%emt 0:01:31]} 23. Re2 {[%emt 0:03:25]} Rd8 {[%emt 0:06:50]} 24. Rae1 {[%emt 0:00:27]} Bh7 {[%emt 0:00:56]} 25. Ndf3 {[%emt 0:06:33]} Ne8 {[%emt 0:02:35]} 26. f5 {[%emt 0:01:21]} f6 {[%emt 0:00:41]} 27. Ng6 {[%emt 0:00:37]} Rxe2+ {[%emt 0:00:13]} 28. Rxe2 {[%emt 0:00:03]} Bxg6 {[%emt 0:00:03]} 29. fxg6 {[%emt 0:00:02]} Kf8 {[%emt 0:02:57]} 30. Nd4 {[%emt 0:00:02]} Rc8 {[%emt 0:01:16]} 31. Ne6+ {[%emt 0:01:28]} Kg8 {[%emt 0:00:18]} 32. Nd4 {[%emt 0:01:12]} Kf8 {[%emt 0:00:06]} 33. Nf5 {[%emt 0:00:04]} Rc7 {[%emt 0:00:39]} 34. Ke3 {[%emt 0:01:45]} Rd7 {[%emt 0:01:10]} 35. Kd4 {[%emt 0:02:23]} Nd6 {[%emt 0:01:03]} 36. a4 {[%emt 0:00:58]} Ne8 {[%emt 0:02:23]} 37. h4 {[%emt 0:01:59]} Nc7 {[%emt 0:00:20]} 38. h5 {[%emt 0:00:01]} Na6 {[%emt 0:00:47]} 39. Re6 {[%emt 0:00:27]} b6 {[%emt 0:01:40]} 40. Rd6 {[%emt 0:02:48]} Rxd6 {[%emt 0:00:37]} 41. Nxd6 {[%emt 0:00:02]} Nc5 {[%emt 0:00:07]} 42. a5 {[%emt 0:01:17]} Ke7 {[%emt 0:00:51]} 43. Nf5+ {[%emt 0:00:19]} Kf8 {[%emt 0:00:03]} 44. axb6 {[%emt 0:00:12]} axb6 {[%emt 0:00:04]} 45. Ne3 {[%emt 0:00:09]} Na4 {[%emt 0:00:16]} 46. b3 {[%emt 0:00:41]} Nc5 {[%emt 0:00:12]} 47. b4 {[%emt 0:00:02]} Ne6+ {[%emt 0:01:02]} 48. Kxd5 {[%emt 0:00:09]} Nf4+ {[%emt 0:00:03]} 49. Kc6 {[%emt 0:00:39]} Nxd3 {[%emt 0:00:14]} 50. b5 {[%emt 0:00:03]} Ke7 {[%emt 0:00:53]} 51. Nf5+ {[%emt 0:00:06]} Kd8 {[%emt 0:00:53]} 52. Nxg7 {[%emt 0:00:06]} Ne5+ {[%emt 0:00:10]} 53. Kxb6 {[%emt 0:00:02]} Nxg4 {[%emt 0:00:11]} 54. Nf5 {[%emt 0:00:09]} 1-0

[Event "Belgrade Spring Open 2021"]
[Site "Belgrade"]
[Date "2021.04.06"]
[Round "6.4"]
[White "Kamer, Kayra"]
[Black "Kazakouski, Valery"]
[Result "1-0"]
[WhiteElo "2339"]
[BlackElo "2476"]
[Annotator "ChessBase"]
[PlyCount "93"]
[EventDate "2021.04.02"]
[EventType "swiss"]
[EventCountry "SRB"]
[SourceTitle "playchess.com"]
[Source "ChessBase"]
[SourceQuality "1"]
[TimeControl "5400+30"]

1. e4 {[%emt 0:03:34]} e5 {[%emt 0:00:00]} 2. Nf3 {[%emt 0:00:12]} Nc6 {[%emt 0:00:05]} 3. Nc3 {[%emt 0:00:45]} Nf6 {[%emt 0:00:10]} 4. a4 {[%emt 0:00:38]} Bb4 {[%emt 0:03:57]} 5. Bd3 {[%emt 0:00:19]} d6 {[%emt 0:01:43]} 6. Nd5 {[%emt 0:02:51]} Bc5 {[%emt 0:04:31]} 7. c3 {[%emt 0:01:10]} a6 {[%emt 0:02:35]} 8. Bc2 {[%emt 0:04:22]} Ba7 {[%emt 0:03:17]} 9. O-O {[%emt 0:03:09]} h6 {[%emt 0:05:30]} 10. d4 {[%emt 0:06:28]} Bg4 {[%emt 0:06:59]} 11. Ne3 {[%emt 0:05:19]} Bxf3 {[%emt 0:06:22]} 12. Qxf3 {[%emt 0:00:03]} exd4 {[%emt 0:00:24]} 13. Nf5 {[%emt 0:00:03]} g6 {[%emt 0:01:55]} 14. Nxd4 {[%emt 0:11:25]} Nxd4 {[%emt 0:07:22]} 15. cxd4 {[%emt 0:00:10]} Bxd4 {[%emt 0:00:08]} 16. Rd1 {[%emt 0:06:53]} c5 {[%emt 0:04:26]} 17. Bf4 {[%emt 0:16:28]} Qe7 {[%emt 0:04:39]} 18. b4 {[%emt 0:01:47]} Nd7 {[%emt 0:12:12]} 19. Rab1 {[%emt 0:09:14]} Ne5 {[%emt 0:03:47]} 20. Qh3 {[%emt 0:02:35]} Rd8 {[%emt 0:09:08]} 21. bxc5 {[%emt 0:04:49]} dxc5 {[%emt 0:01:27]} 22. Qg3 {[%emt 0:06:06]} Nc6 {[%emt 0:01:23]} 23. Bc7 {[%emt 0:03:28]} Rd7 {[%emt 0:01:56]} 24. Bf4 {[%emt 0:10:12]} g5 {[%emt 0:05:44]} 25. Bd2 {[%emt 0:00:00]} Be5 {[%emt 0:01:06]} 26. Qg4 {[%emt 0:00:00]} Qe6 {[%emt 0:00:32]} 27. Qh5 {[%emt 0:00:00]} Nd4 {[%emt 0:01:36]} 28. Bd3 {[%emt 0:00:00]} Qg6 {[%emt 0:04:12]} 29. Qxg6 {[%emt 0:00:00]} fxg6 {[%emt 0:00:01]} 30. Bc4 {[%emt 0:00:00]} Ke7 {[%emt 0:00:41]} 31. Be3 {[%emt 0:00:00]} Rc8 {[%emt 0:01:41]} 32. Kf1 {[%emt 0:00:00]} Rcc7 {[%emt 0:01:42]} 33. Rb6 {[%emt 0:00:39]} Rd6 {[%emt 0:00:50]} 34. Rdb1 {[%emt 0:01:53]} Nc2 {[%emt 0:02:01]} 35. Rxb7 {[%emt 0:01:54]} Nxe3+ {[%emt 0:00:55]} 36. fxe3 {[%emt 0:00:01]} Rxb7 {[%emt 0:00:53]} 37. Rxb7+ {[%emt 0:00:03]} Kd8 {[%emt 0:00:06]} 38. Ke2 {[%emt 0:01:26]} Bxh2 {[%emt 0:00:46]} 39. Bd5 {[%emt 0:00:18]} Kc8 {[%emt 0:01:09]} 40. Rh7 {[%emt 0:00:21]} h5 {[%emt 0:00:49]} 41. Kd3 {[%emt 0:00:15]} Rb6 {[%emt 0:00:49]} 42. Kc4 {[%emt 0:00:09]} Bg1 {[%emt 0:00:41]} 43. a5 {[%emt 0:01:16]} Rb5 {[%emt 0:00:35]} 44. Bc6 {[%emt 0:01:05]} Rb4+ {[%emt 0:00:39]} 45. Kxc5 {[%emt 0:00:06]} Rb2 {[%emt 0:00:21]} 46. Kd6 {[%emt 0:00:21]} Rd2+ {[%emt 0:00:41]} 47. Bd5 {[%emt 0:00:06]} 1-0